=LDR 00000nam 2200000 4500 =001 NUTBA000000000000169 =005 20180419093006 =035 ##$$a 0010-031400000000168 =008 180419###########################0###### =020 ##$$a 979-421-742-5 =100 ##$$a Wijaya Gunawan =245 1#$$a Seri Hukum Bisnis Kepailitan /$c ahmad yani & gunawan widjaja =260 ##$$a Jakarta :$b Raja Grafindo Persada,$c 2004 =300 ##$$a 246 Hlm =650 ##$$a Hukum Dagang =850 ##$$a NBPN MAT =990 ##$$a 90290/BPAP-NTB/2014 =990 ##$$a 0001/BPAP-NTB/2016 =990 ##$$a 01201712731